Local governance in industrial countries (Record no. 80533)
[ view plain ]
| 000 -LEADER | |
|---|---|
| fixed length control field | 01390nam a2200349Ia 4500 |
| 082 04 - DEWEY DECIMAL CLASSIFICATION NUMBER | |
| Classification number | 336/.0141722 |
| 245 00 - TITLE STATEMENT | |
| Title | Local governance in industrial countries |
| 260 ## - PUBLICATION, DISTRIBUTION, ETC. (IMPRINT) | |
| Place of publication | Washington, DC : |
| Name of publisher | World Bank, |
| Year of publication | 2006. |
| 300 ## - PHYSICAL DESCRIPTION | |
| Number of Pages | xxvi, 368 p. |
| 490 1# - SERIES STATEMENT | |
| Series statement | Public sector, governance, and accountability series |
| 650 #0 - SUBJECT ADDED ENTRY--TOPICAL TERM | |
| Topical Term | Local finance |
| Topical Term | Local government |
| Topical Term | Finance, Public |
| Topical Term | Public administration |
| 700 1# - ADDED ENTRY--PERSONAL NAME | |
| Personal name | Shah, Anwar. |
| 856 40 - ELECTRONIC LOCATION AND ACCESS | |
| Uniform Resource Identifier | http://site.ebrary.com/lib/rucke/Doc?id=10132040 |
No items available.
